Statistics for Long Countries in 90 seconds

Click here to take the quiz!

General Stats

  • This quiz has been taken 13 times
  • The average score is 9 of 15

Answer Stats

CountryCountry% Correct
Bolivarian Republic of VenezuelaBolivarian Republic of Venezuela
88%
Bosnia and HerzegovinaBosnia and Herzegovina
88%
Democratic People's Republic of KoreaDemocratic People's Republic of Korea
88%
Democratic Republic of the CongoDemocratic Republic of the Congo
88%
Federal Democratic Republic of NepalFederal Democratic Republic of Nepal
75%
Federated States of MicronesiaFederated States of Micronesia
75%
Federal Democratic Republic of EthiopiaFederal Democratic Republic of Ethiopia
63%
Independent and the Sovereign Republic of KiribatiIndependent and the Sovereign Republic of Kiribati
50%
Independent State of Papua New GuineaIndependent State of Papua New Guinea
50%
Kingdom of Saudi ArabiaKingdom of Saudi Arabia
50%
People's Republic of ChinaPeople's Republic of China
50%
KyrgyzstanKyrgyzstan
38%
The Democratic Republic of Sao Tome and PrincipeThe Democratic Republic of Sao Tome and Principe
38%
United States of AmericaUnited States of America
38%
United Kingdom of Great Britain and Northern IrelandUnited Kingdom of Great Britain and Northern Ireland
25%

Score Distribution

Percentile by Number Answered

Percent of People with Each Score

Your Score History

You have not taken this quiz